000 01434cam a22003737a 4500
003 CHAP
005 20220329142514.0
008 010810d2000 mx r 00110 spa d
010 _a84440
011 _a85412
020 _a8471149060
035 _a95945
040 _cCHAP
082 0 4 _a631.542
_bD7
100 0 0 _aDrénou, Christophe.
_934241
245 1 3 _aLa poda de los arboles ornamentales :
_bdel por qué al cómo
_c/por Christophe Drénou
260 _aMadrid :
_bMundi-Prensa,
_c2000.
300 _a264 p. :
_bilus.
500 _aTrad. de : La taille des arbres d'ornement : du pourquoi au comment
590 _aBATCH-UPD
_b10
_c20130110
_lUCH01
_h0407
590 _aBATCH-UPD
_b10
_c20130410
_lUCH01
_h0041
590 _aBATCH-UPD
_b10
_c20130914
_lUCH01
_h1222
590 _aBATCH-UPD
_b10
_c20170620
_lUCH01
_h0913
590 _aCONVERSION
_b10
_c20130109
_lUCH01
_h1347
650 1 4 _aÁrboles ornamentales.
_96693
650 1 4 _aPoda.
_989467
901 _aBK
905 _aAlejandra Carrasco M.
942 _cLIBRO
949 _a631.542 D7
_bBC
_cLIBRO
_d33724000843751
_eLIBRO
_h101105
_i95945
_si
_t$ 328.95
949 _a631.542 D7
_bBC
_cLIBRO
_d33724000977062
_eLIBRO
_fc.3
_gI. 00224240
_h106443
_i95945
_si
_t$ 629.00
949 _a631.542 D7
_bBC
_cLIBRO
_d33724000977666
_eLIBRO
_fc.2
_gI. 00224240
_h106442
_i95945
_si
_t$ 629.00
949 _a631.542 D7
_bBC
_cLIBRO
_d33724000977724
_eLIBRO
_fc.4
_gI. 00224240
_h106444
_i95945
_si
_t$ 629.00
999 _c84440
_d84440